000 01438cam a22003378a 4500
001 15345828
005 20100217092846.0
008 080625s2009 mau |rbp 001 0 eng
010 _a 2008028605
020 _a9780763758813 (pbk.)
035 _a(DNLM)101477523
040 _aDNLM/DLC
_cDLC
_dDLC
042 _apcc
050 0 0 _aRD32.3
_b.S65 2009
060 1 0 _aWY 18.2
_bS771e 2009
082 0 0 _a617.917
_222
_bSPR
100 1 _aSpry, Cynthia.
_912193
245 1 0 _aEssentials of Perioperative Nursing /
_cCynthia Spry.
250 _a4th ed.
260 _aSudbury, MA :
_bJones and Bartlett Publishers, 2009
_cc2009.
263 _a0809
300 _a369 p. :
_cill.;
_b27 cm.
504 _aIncludes bibliographical references and index.
650 0 _aOperating room nursing
_vProgrammed instruction.
_912194
650 1 2 _aPerioperative Nursing
_vProgrammed Instruction.
_912195
856 4 1 _3Table of contents only
_uhttp://www.loc.gov/catdir/toc/ecip0822/2008028605.html
942 _2ddc
_cNRB
999 _c13574
_d13574